[Event "Madrid 2011/2012- Semifinal A "]
[Site "Madrid ESP"]
[Date "2012.04.18"]
[Round "6.21"]
[White "Hrybanova, Valeria"]
[Black "Cano Mercado, Francisco Manuel"]
[Result "0-1"]
[WhiteElo "1498"]
[BlackElo "1872"]
[PlyCount "98"]
[EventDate "2012.04.10"]
[EventType "swiss"]
[EventRounds "9"]
[EventCountry "ESP"]
[Source "lmi"]
[SourceDate "2012.04.10"]

1. e4 c6 2. d4 d5 3. e5 Bf5 4. Be3 e6 5. c3 Nd7 6. Nf3 Qb6 7. Qb3 Ne7 8. Qxb6
Nxb6 9. Nbd2 Na4 10. Nh4 O-O-O 11. Nxf5 Nxf5 12. Rb1 Be7 13. Nf3 Nxe3 14. fxe3
Kb8 15. Bd3 f6 16. Rf1 f5 17. g3 h6 18. h4 g5 19. h5 Rdf8 20. Nh2 g4 21. Kd2
Rhg8 22. b3 Nb6 23. Rh1 c5 24. Be2 cxd4 25. exd4 a6 26. Ke1 Rc8 27. Kd2 Nd7 28.
Ke3 Nf8 29. Rbc1 Nh7 30. Rc2 Ng5 31. Nf1 Nh3 32. Kd2 Nf2 33. Rh2 Ne4+ 34. Kd3
Rc6 35. c4 Rgc8 36. Bd1 Bg5 37. c5 a5 38. Rhg2 b6 39. cxb6 Rc3+ 40. Rxc3 Rxc3+
41. Ke2 Kb7 42. Ke1 Kxb6 43. Rc2 Kb5 44. Rxc3 Nxc3 45. a3 Bc1 46. a4+ Kb4 47.
Bc2 Ne4 48. Ke2 Kc3 49. Bxe4 fxe4 0-1

[Event "Madrid 2011/2012- Semifinal A "]
[Site "Madrid ESP"]
[Date "2012.04.18"]
[Round "6.22"]
[White "Sterling Carmona, Francisco"]
[Black "Yagüe Sanchez, Sergio Roberto"]
[Result "0-1"]
[WhiteElo "2072"]
[BlackElo "1844"]
[PlyCount "96"]
[EventDate "2012.04.10"]
[EventType "swiss"]
[EventRounds "9"]
[EventCountry "ESP"]
[Source "lmi"]
[SourceDate "2012.04.10"]

1. d4 d5 2. c4 e6 3. Nc3 Nf6 4. cxd5 exd5 5. Qc2 c6 6. Bg5 Be7 7. e3 h6 8. Bh4
O-O 9. Bd3 Re8 10. Nge2 Nbd7 11. O-O Ne4 12. Bxe7 Qxe7 13. Rae1 Ndf6 14. Nd1
Qd6 15. f3 Ng5 16. Nf2 Rxe3 17. h4 Ngh7 18. Qd2 Re7 19. g4 Bd7 20. Kg2 Rae8 21.
Rh1 Nf8 22. Reg1 Ng6 23. Kf1 Re3 24. g5 Nh5 25. gxh6 Nhf4 26. Nxf4 Qxf4 27.
Bxg6 fxg6 28. Rxg6 Bf5 29. Rxg7+ Kh8 30. Rhg1 Qxf3 31. R1g3 Bd3+ 32. Kg1 Re1+
33. Kh2 Rh1+ 34. Nxh1 Re2+ 35. Qxe2 Qxe2+ 36. Rg2 Qe3 37. Rg8+ Kh7 38. R2g7+
Kxh6 39. Rg4 Bh7 40. R8g5 Be4 41. Rg8 Qe2+ 42. Kg3 Qf3+ 43. Kh2 Qxh1+ 44. Kg3
Qf3+ 45. Kh2 Qf2+ 46. Kh3 Kh7 47. R4g7+ Kh6 48. Rxb7 Bf5+ 0-1

[Event "Madrid 2011/2012- Semifinal A "]
[Site "Madrid ESP"]
[Date "2012.04.23"]
[Round "7.1"]
[White "Nuñez Reiz, Antonio"]
[Black "Martin Duque, Jesus"]
[Result "0-1"]
[WhiteElo "2061"]
[BlackElo "2176"]
[PlyCount "104"]
[EventDate "2012.04.10"]
[EventType "swiss"]
[EventRounds "9"]
[EventCountry "ESP"]
[Source "lmi"]
[SourceDate "2012.04.10"]

1. e4 c6 2. d4 d5 3. exd5 cxd5 4. c4 Nf6 5. cxd5 g6 6. Nc3 Bg7 7. Bb5+ Nbd7 8.
d6 exd6 9. Qe2+ Qe7 10. Bf4 Qxe2+ 11. Ngxe2 Ke7 12. O-O Nb6 13. Rfe1 Be6 14.
Bg5 h6 15. Bxf6+ Bxf6 16. Nf4 Bxd4 17. Rxe6+ fxe6 18. Nxg6+ Kf6 19. Nxh8 Bxc3
20. bxc3 Rxh8 21. a4 Rc8 22. a5 Nd5 23. c4 Nc3 24. a6 b6 25. Kf1 Rc5 26. Ra3
Nxb5 27. cxb5 Rxb5 28. Rf3+ Rf5 29. Rc3 Ra5 30. Rf3+ Ke7 31. Rh3 h5 32. g4 hxg4
33. Rh7+ Kf6 34. Rxa7 Ke5 35. Rg7 Rxa6 36. Rxg4 d5 37. Rb4 Kd6 38. h4 Kc5 39.
Rb3 Kc4 40. Re3 b5 41. h5 d4 42. Re1 b4 43. h6 b3 44. h7 Ra8 45. Rxe6 b2 46.
Rb6 Kc3 47. Rc6+ Kb3 48. Rb6+ Ka2 49. h8=Q Rxh8 50. Ra6+ Kb3 51. Rb6+ Kc2 52.
Rc6+ Kd2 0-1

[Event "Madrid 2011/2012- Semifinal A "]
[Site "Madrid ESP"]
[Date "2012.04.23"]
[Round "7.2"]
[White "Cabañas Bravo, Juan Andres"]
[Black "Elissalt Cardenas, Hector"]
[Result "0-1"]
[WhiteElo "2092"]
[BlackElo "2366"]
[PlyCount "62"]
[EventDate "2012.04.10"]
[EventType "swiss"]
[EventRounds "9"]
[EventCountry "ESP"]
[Source "lmi"]
[SourceDate "2012.04.10"]

1. e4 c5 2. Nf3 e6 3. d4 cxd4 4. Nxd4 a6 5. Nc3 Qc7 6. Be3 Nc6 7. Qd2 Nf6 8.
O-O-O d6 9. f3 h5 10. Nb3 b5 11. Qf2 Rb8 12. Kb1 Bd7 13. Qg3 h4 14. Qf2 Be7 15.
Be2 Ne5 16. g4 b4 17. g5 bxc3 18. gxf6 Bxf6 19. f4 Nc6 20. Bxa6 Nb4 21. Qe2 Qc6
22. e5 Be7 23. Bc4 d5 24. Bd3 Qa4 25. a3 Nxd3 26. Qxd3 cxb2 27. Bd4 Bb5 28. Qf3
Bc4 29. Nc5 Bxc5 30. Bxc5 Ba2+ 31. Kxa2 Qxc2 0-1

[Event "Madrid 2011/2012- Semifinal A "]
[Site "Madrid ESP"]
[Date "2012.04.23"]
[Round "7.3"]
[White "Serrano Salvador, Eduardo"]
[Black "Gonzalez Mateos, Rafael"]
[Result "1-0"]
[WhiteElo "2364"]
[BlackElo "2157"]
[PlyCount "59"]
[EventDate "2012.04.10"]
[EventType "swiss"]
[EventRounds "9"]
[EventCountry "ESP"]
[Source "lmi"]
[SourceDate "2012.04.10"]

1. d4 Nf6 2. Nf3 e6 3. c4 b6 4. a3 Bb7 5. Nc3 d5 6. cxd5 Nxd5 7. Qc2 Be7 8. e4
Nxc3 9. bxc3 Nd7 10. Bd3 O-O 11. O-O c5 12. Bf4 cxd4 13. cxd4 Rc8 14. Qe2 Rc3
15. Rfc1 Rxc1+ 16. Rxc1 Bxa3 17. Rc7 Ba8 18. Rxa7 Be7 19. Bc7 Qc8 20. Ba6 Qe8
21. Bb5 Qc8 22. Bf4 e5 23. Rxd7 exf4 24. Rxe7 f5 25. Qc4+ Qxc4 26. Bxc4+ Kh8
27. e5 Rc8 28. h4 Bxf3 29. gxf3 g5 30. d5 1-0

[Event "Madrid 2011/2012- Semifinal A "]
[Site "Madrid ESP"]
[Date "2012.04.23"]
[Round "7.4"]
[White "Madurga Lopez, Ignacio"]
[Black "Ramirez Garcia, Jorge Alberto"]
[Result "0-1"]
[WhiteElo "2073"]
[BlackElo "2222"]
[PlyCount "100"]
[EventDate "2012.04.10"]
[EventType "swiss"]
[EventRounds "9"]
[EventCountry "ESP"]
[Source "lmi"]
[SourceDate "2012.04.10"]

1. e4 d5 2. exd5 Qxd5 3. Nc3 Qd6 4. g3 Nf6 5. Bg2 Bg4 6. Nf3 Nc6 7. h3 Bh5 8.
d3 e6 9. O-O Be7 10. a3 O-O 11. Ne2 e5 12. b3 Rad8 13. Bb2 Rfe8 14. Qe1 Nd7 15.
Nc3 Bxf3 16. Bxf3 Nd4 17. Bd1 f5 18. Nb1 Nc5 19. Nd2 Bf6 20. b4 Na4 21. Nc4 Qd5
22. c3 Nf3+ 23. Bxf3 Qxf3 24. Rb1 Qxd3 25. Na5 Nxb2 26. Rxb2 e4 27. Qc1 b6 28.
Nb3 Bxc3 29. Rc2 Be5 30. Nd2 e3 31. Nf3 exf2+ 32. Kg2 Bd6 33. Rfxf2 a5 34. Rfd2
Qe4 35. bxa5 bxa5 36. Rd4 Qa8 37. Rc6 h6 38. Qc4+ Kh7 39. Rh4 Re7 40. Qc2 Kh8
41. Qc1 Re6 42. Ng5 Rf6 43. Qc4 Bf8 44. Nf7+ Rxf7 45. Kh2 Rd2+ 46. Kg1 Qa7+ 47.
Kh1 Rd1+ 48. Kg2 Qg1+ 49. Kf3 Rf1+ 50. Ke2 Re7+ 0-1

[Event "Madrid 2011/2012- Semifinal A "]
[Site "Madrid ESP"]
[Date "2012.04.23"]
[Round "7.5"]
[White "Vukotic Jovsic, Dragan"]
[Black "Rodrigo Yanguas, Maria"]
[Result "0-1"]
[WhiteElo "1955"]
[BlackElo "2181"]
[PlyCount "36"]
[EventDate "2012.04.10"]
[EventType "swiss"]
[EventRounds "9"]
[EventCountry "ESP"]
[Source "lmi"]
[SourceDate "2012.04.10"]

1. d4 d5 2. c4 Nc6 3. Nc3 dxc4 4. d5 Ne5 5. f4 Nd7 6. Qa4 a6 7. e4 Rb8 8. Qxc4
Nb6 9. Qd3 e6 10. Be3 Nf6 11. Rd1 exd5 12. Bxb6 cxb6 13. e5 Nh5 14. Nxd5 Be6
15. Qf3 Bxd5 16. Rxd5 Bb4+ 17. Kf2 Bc5+ 18. Ke2 Nxf4+ 0-1

[Event "Madrid 2011/2012- Semifinal A "]
[Site "Madrid ESP"]
[Date "2012.04.23"]
[Round "7.6"]
[White "Rodriguez De Castro, Ayar"]
[Black "Alvarez Abejon, Amilcar"]
[Result "1-0"]
[WhiteElo "2160"]
[BlackElo "2069"]
[PlyCount "143"]
[EventDate "2012.04.10"]
[EventType "swiss"]
[EventRounds "9"]
[EventCountry "ESP"]
[Source "lmi"]
[SourceDate "2012.04.10"]

1. d4 Nf6 2. c4 e6 3. Nf3 d5 4. g3 Be7 5. Bg2 O-O 6. O-O dxc4 7. Qc2 a6 8. a4
Bd7 9. Ne5 Bc6 10. Nxc6 Nxc6 11. e3 Nb4 12. Qxc4 c6 13. a5 Nbd5 14. Nc3 Qc8 15.
Na4 Nd7 16. e4 N5f6 17. Bd2 h6 18. Bc3 Ne8 19. Rac1 Nd6 20. Qb3 Qc7 21. Bb4
Rfe8 22. d5 e5 23. Rfd1 Nf6 24. Qc2 Nb5 25. Bxe7 Qxe7 26. Nb6 Nd4 27. Rxd4 exd4
28. dxc6 d3 29. Qd2 bxc6 30. Nxa8 Rxa8 31. Qxd3 Qb4 32. Qc3 Rb8 33. Qxb4 Rxb4
34. Rxc6 Rxb2 35. Bf3 Rb4 36. Rxa6 Nxe4 37. Ra8+ Kh7 38. a6 Ra4 39. a7 f5 40.
h4 Ra2 41. Bxe4 fxe4 42. Re8 Rxa7 43. Rxe4 h5 44. Kg2 Ra2 45. Kf3 Kh6 46. Re2
Ra4 47. Re8 Kh7 48. Rf8 Kg6 49. Rb8 Ra3+ 50. Kf4 Ra4+ 51. Kf3 Ra3+ 52. Kg2 Kh6
53. Rh8+ Kg6 54. Re8 Kh6 55. Re6+ Kh7 56. Re2 Kh6 57. f3 Rb3 58. g4 hxg4 59.
fxg4 g6 60. Re8 Ra3 61. Rf8 Rb3 62. Rf3 Rb4 63. Kg3 Kg7 64. Re3 Kf7 65. Kf3 Rb1
66. Kf4 Ra1 67. Kg5 Ra6 68. Re5 Kg7 69. Re7+ Kf8 70. Rd7 Ra4 71. Rd6 Kf7 72.
Rf6+ 1-0

[Event "Madrid 2011/2012- Semifinal A "]
[Site "Madrid ESP"]
[Date "2012.04.23"]
[Round "7.7"]
[White "Garcia Gutierrez, Jose"]
[Black "Estrada Martinez, Cesar"]
[Result "0-1"]
[WhiteElo "2028"]
[BlackElo "2114"]
[PlyCount "64"]
[EventDate "2012.04.10"]
[EventType "swiss"]
[EventRounds "9"]
[EventCountry "ESP"]
[Source "lmi"]
[SourceDate "2012.04.10"]

1. b3 e5 2. Bb2 d6 3. e3 Nf6 4. d3 g6 5. Be2 Bg7 6. h4 h6 7. Nd2 Nc6 8. Nh3 Be6
9. c4 O-O 10. g4 Qd7 11. f3 d5 12. Nf2 Rad8 13. a3 h5 14. Rg1 Qd6 15. Nf1 dxc4
16. bxc4 Qc5 17. Qc2 b5 18. gxh5 gxh5 19. f4 bxc4 20. fxe5 Nd5 21. d4 Qa5+ 22.
Kd1 Nxe5 23. Ne4 Bd7 24. Nc5 Bg4 25. Bxg4 Nxg4 26. Rxg4 hxg4 27. Qf2 c3 28. Bc1
Qb5 29. Kc2 Qc4 30. Qf5 Qe2+ 31. Nd2 cxd2 32. Bxd2 Nxe3+ 0-1

[Event "Madrid 2011/2012- Semifinal A "]
[Site "Madrid ESP"]
[Date "2012.04.23"]
[Round "7.8"]
[White "Mansilla Tolosa, Luis E"]
[Black "Ciuro Muñoz, Ricardo"]
[Result "1/2-1/2"]
[WhiteElo "2048"]
[BlackElo "2110"]
[PlyCount "66"]
[EventDate "2012.04.10"]
[EventType "swiss"]
[EventRounds "9"]
[EventCountry "ESP"]
[Source "lmi"]
[SourceDate "2012.04.10"]

1. d4 d5 2. c4 e6 3. Nf3 Nf6 4. e3 c6 5. b3 Nbd7 6. Bb2 Bd6 7. Bd3 O-O 8. Nbd2
Re8 9. Ne5 dxc4 10. bxc4 c5 11. f4 b6 12. Qf3 Ba6 13. O-O Bxe5 14. dxe5 Nxe5
15. fxe5 Qxd3 16. exf6 Qxd2 17. Qg3 g6 18. Qg5 Qd6 19. Rf3 Bb7 20. Be5 Qf8 21.
Rh3 Red8 22. Rf1 Rd2 23. e4 Rad8 24. Qh4 h5 25. Rg3 R8d3 26. Rxd3 Rxd3 27. g4
hxg4 28. Qxg4 Qh6 29. Bf4 Qh5 30. Qxh5 gxh5 31. Bb8 a6 32. e5 b5 33. Rc1 bxc4
1/2-1/2

[Event "Madrid 2011/2012- Semifinal A "]
[Site "Madrid ESP"]
[Date "2012.04.23"]
[Round "7.9"]
[White "Ocaña Lameiro, Oliver"]
[Black "Gomez Gonzalez, Javier"]
[Result "0-1"]
[WhiteElo "2002"]
[BlackElo "2077"]
[PlyCount "98"]
[EventDate "2012.04.10"]
[EventType "swiss"]
[EventRounds "9"]
[EventCountry "ESP"]
[Source "lmi"]
[SourceDate "2012.04.10"]

1. d4 Nf6 2. Nf3 b6 3. c4 e6 4. a3 Bb7 5. Nc3 d5 6. Bg5 Be7 7. Bxf6 Bxf6 8.
cxd5 exd5 9. e3 O-O 10. Bd3 c5 11. O-O cxd4 12. exd4 Nc6 13. Rc1 g6 14. Bb1 Qd6
15. Ba2 Ne7 16. Re1 a6 17. Ne5 Bg5 18. Rc2 Nf5 19. Rce2 Rad8 20. Bb1 Ng7 21. g3
f6 22. Nf3 Bh6 23. Nh4 Rfe8 24. Qd3 Rxe2 25. Rxe2 f5 26. Nf3 Ne6 27. Ba2 Bg7
28. Ne5 b5 29. b4 Qb6 30. Rd2 Qxd4 31. Qxd4 Nxd4 32. Rxd4 Bxe5 33. Rd3 Bxc3 34.
Rxc3 Rd7 35. f4 Kg7 36. Kf2 Kf6 37. Ke2 g5 38. fxg5+ Kxg5 39. Bb1 d4 40. Rc5
Bd5 41. h4+ Kg4 42. Kf2 h6 43. Bd3 Be4 44. Be2+ Kh3 45. Rc1 Rg7 46. Rg1 f4 47.
Bf1+ Kh2 48. g4 Rc7 49. Be2 Rc2 0-1

[Event "Madrid 2011/2012- Semifinal A "]
[Site "Madrid ESP"]
[Date "2012.04.23"]
[Round "7.10"]
[White "Lopez De Turiso Sanchez, Jose Angel"]
[Black "Aguado Solana, Juan"]
[Result "1/2-1/2"]
[WhiteElo "2038"]
[BlackElo "2060"]
[PlyCount "120"]
[EventDate "2012.04.10"]
[EventType "swiss"]
[EventRounds "9"]
[EventCountry "ESP"]
[Source "lmi"]
[SourceDate "2012.04.10"]

1. c4 d5 2. d4 Nc6 3. Nf3 Bg4 4. cxd5 Bxf3 5. gxf3 Qxd5 6. e3 e5 7. Nc3 Bb4 8.
Bd2 Bxc3 9. bxc3 Qe6 10. Qb3 Qxb3 11. axb3 Nge7 12. Rg1 O-O 13. Bc4 Rad8 14.
Kd1 b6 15. Kc2 Na5 16. Bd3 c5 17. c4 cxd4 18. exd4 Nec6 19. Bxa5 Nxd4+ 20. Kc3
bxa5 21. Rxa5 Nxb3 22. Rxe5 Nd4 23. Rg3 Ne6 24. Rg4 g6 25. c5 Rc8 26. Rc4 Rfd8
27. Be4 Rd1 28. Bc2 Rh1 29. h4 Kg7 30. Rd5 Rh3 31. Bd1 Rh2 32. c6 Rxf2 33. Rd7
Ra2 34. Ba4 Rf2 35. Rd3 Rf1 36. Kb4 Kf6 37. Bd1 Rf2 38. Bc2 Rf1 39. Bb3 Rb1 40.
Kc3 Rc1+ 41. Bc2 Rf1 42. Kd2 Ra1 43. Ba4 Ra2+ 44. Ke3 Ra1 45. Rd7 Ra3+ 46. Kf2
Rc7 47. Rxc7 Nxc7 48. Kg3 Ke6 49. Kf4 h6 50. Rd4 Nd5+ 51. Kg3 a6 52. Bc2 Rc3
53. Be4 Nc7 54. Rd7 f5 55. Bxf5+ Kxf5 56. Rxc7 Ke6 57. Rg7 Kf6 58. Rc7 Ke6 59.
Rg7 Kf6 60. Rc7 Ke6 1/2-1/2

[Event "Madrid 2011/2012- Semifinal A "]
[Site "Madrid ESP"]
[Date "2012.04.23"]
[Round "7.11"]
[White "Pinel Mirasierra, Jose Pablo"]
[Black "De La Horra Del Barco, Ricardo"]
[Result "1/2-1/2"]
[WhiteElo "1919"]
[BlackElo "2055"]
[PlyCount "146"]
[EventDate "2012.04.10"]
[EventType "swiss"]
[EventRounds "9"]
[EventCountry "ESP"]
[Source "lmi"]
[SourceDate "2012.04.10"]

1. d4 Nf6 2. c4 e6 3. Nf3 b6 4. Nc3 Bb4 5. g3 O-O 6. Bg2 Bb7 7. Qb3 Bxc3+ 8.
Qxc3 d6 9. O-O Nbd7 10. b3 c5 11. Bb2 Qc7 12. Rac1 Rfd8 13. Rfd1 Rac8 14. Nd2
Bxg2 15. Kxg2 cxd4 16. Qxd4 e5 17. Qe3 Re8 18. Ne4 Qb7 19. f3 Nxe4 20. Qxe4
Qxe4 21. fxe4 Re6 22. Ba3 Rc6 23. b4 Rc7 24. c5 b5 25. cxd6 Rxc1 26. Bxc1 Re8
27. Be3 f6 28. Rc1 Kf7 29. Rc7 Ke6 30. Bc5 Ra8 31. Rb7 a6 32. a3 h5 33. h3 g6
34. Kf3 g5 35. Ke3 Rc8 36. Rc7 Ra8 37. Kd2 Rf8 38. Rc6 Ra8 39. Kc3 a5 40. Kb3
axb4 41. axb4 Ra1 42. Rc8 Kf7 43. Rh8 Rc1 44. Rh7+ Ke8 45. Re7+ Kd8 46. Rf7 Rc4
47. Rh7 Kc8 48. Rxh5 Rxe4 49. Rh8+ Kb7 50. h4 Rg4 51. hxg5 Rxg5 52. Rh3 Kc6 53.
Be3 Rg4 54. Bc5 Rg6 55. e3 Kd5 56. Rh7 Kc6 57. Rh8 Rxg3 58. Rc8+ Kd5 59. Rc7
Ke6 60. Rb7 f5 61. Kc2 Rg2+ 62. Kd1 f4 63. exf4 exf4 64. Rxb5 f3 65. Ke1 Ne5
66. Rb7 Nd3+ 67. Kf1 Rd2 68. Re7+ Kf5 69. Kg1 Rd1+ 70. Kh2 f2 71. Bxf2 Nxf2 72.
Rf7+ Ke6 73. Rxf2 Kxd6 1/2-1/2

[Event "Madrid 2011/2012- Semifinal A "]
[Site "Madrid ESP"]
[Date "2012.04.23"]
[Round "7.12"]
[White "Santacruz Molina, Ildefonso"]
[Black "Pastor Alonso De Prado, Alberto E"]
[Result "0-1"]
[WhiteElo "1933"]
[BlackElo "2218"]
[PlyCount "36"]
[EventDate "2012.04.10"]
[EventType "swiss"]
[EventRounds "9"]
[EventCountry "ESP"]
[Source "lmi"]
[SourceDate "2012.04.10"]

1. d4 d5 2. Nc3 e6 3. Nf3 Nf6 4. Bg5 Bb4 5. a3 Bxc3+ 6. bxc3 c5 7. e3 Qa5 8.
Be2 Qxc3+ 9. Kf1 Ne4 10. h4 Nc6 11. dxc5 e5 12. h5 Qxc5 13. c4 Nc3 14. Qd2 Nxe2
15. Kxe2 dxc4 16. Rhd1 Bg4 17. Kf1 e4 18. Bf4 O-O 0-1

[Event "Madrid 2011/2012- Semifinal A "]
[Site "Madrid ESP"]
[Date "2012.04.23"]
[Round "7.13"]
[White "De La Fuente Gonzalez, Francisco"]
[Black "Spitzer Isbert, Ramon"]
[Result "1/2-1/2"]
[WhiteElo "2193"]
[BlackElo "2046"]
[PlyCount "41"]
[EventDate "2012.04.10"]
[EventType "swiss"]
[EventRounds "9"]
[EventCountry "ESP"]
[Source "lmi"]
[SourceDate "2012.04.10"]

1. c4 g6 2. Nc3 Bg7 3. g3 c5 4. Bg2 Nc6 5. Nf3 d6 6. O-O e5 7. d3 Nge7 8. Ne1
O-O 9. Nc2 Be6 10. Ne3 Qd7 11. Re1 f5 12. Ned5 Bxd5 13. Nxd5 Nxd5 14. Bxd5+ Kh8
15. Bd2 f4 16. Rb1 a5 17. b3 Nb4 18. Bxb4 axb4 19. Qc2 Ra3 20. Be4 Rfa8 21. Rb2
1/2-1/2

[Event "Madrid 2011/2012- Semifinal A "]
[Site "Madrid ESP"]
[Date "2012.04.23"]
[Round "7.14"]
[White "Andalon Gomez, Carlos Jesus"]
[Black "Perez De Aranda A., Leonardo I"]
[Result "0-1"]
[WhiteElo "2035"]
[BlackElo "2107"]
[PlyCount "116"]
[EventDate "2012.04.10"]
[EventType "swiss"]
[EventRounds "9"]
[EventCountry "ESP"]
[Source "lmi"]
[SourceDate "2012.04.10"]

1. d4 d5 2. c4 dxc4 3. e4 e5 4. Nf3 exd4 5. Bxc4 Nc6 6. O-O Be6 7. Bxe6 fxe6 8.
Qb3 Qd7 9. Nbd2 O-O-O 10. Nc4 Nf6 11. Nfe5 Nxe5 12. Nxe5 Qe8 13. Re1 Bd6 14.
Nd3 e5 15. Bd2 Qg8 16. Qa4 Kb8 17. f4 Qe8 18. Qa5 Nd7 19. Rac1 c6 20. b4 Bc7
21. Qa4 exf4 22. Bxf4 Bxf4 23. Nxf4 Ne5 24. Qb3 d3 25. Red1 Qd7 26. b5 cxb5 27.
Nd5 Rc8 28. Qb2 Nc4 29. Qf2 d2 30. Qg3+ Ka8 31. Rc3 Rhe8 32. Rxd2 Qe6 33. Re2
Qe5 34. Qd3 Rcd8 35. Rf2 Qxe4 36. Qxe4 Rxe4 37. Nc7+ Kb8 38. Nxb5 Rd1+ 39. Rf1
Rxf1+ 40. Kxf1 a6 41. Na3 Ne3+ 42. Kg1 Nd1 43. Rf3 Re1+ 44. Rf1 Rxf1+ 45. Kxf1
Nc3 46. Ke1 Nxa2 47. Kd2 Nb4 48. Kc3 Nc6 49. Nc4 Kc7 50. Ne3 b5 51. Nf5 g6 52.
Ne3 Kd6 53. Ng4 Kc5 54. Nf6 b4+ 55. Kb3 Nd4+ 56. Kb2 h5 57. Ne4+ Kc4 58. Nd6+
Kd3 0-1

[Event "Madrid 2011/2012- Semifinal A "]
[Site "Madrid ESP"]
[Date "2012.04.23"]
[Round "7.15"]
[White "Garcia Prados, David"]
[Black "Lorenzo Bailador, Alfredo"]
[Result "1-0"]
[WhiteElo "2070"]
[BlackElo "2005"]
[PlyCount "109"]
[EventDate "2012.04.10"]
[EventType "swiss"]
[EventRounds "9"]
[EventCountry "ESP"]
[Source "lmi"]
[SourceDate "2012.04.10"]

1. e4 e5 2. Nf3 Nc6 3. Bb5 a6 4. Ba4 Nf6 5. O-O Nxe4 6. d4 b5 7. Bb3 d5 8. dxe5
Be6 9. c3 Bc5 10. Bf4 Ne7 11. h3 Ng6 12. Bh2 c6 13. Nbd2 Nxd2 14. Qxd2 Nh4 15.
Nd4 Bxd4 16. Qxd4 O-O 17. Qe3 Nf5 18. Qf4 f6 19. Rae1 Qd7 20. g4 Nh4 21. Qg3
Ng6 22. f4 f5 23. g5 Rfd8 24. Rd1 Nf8 25. Kh1 Qb7 26. Bg1 Bf7 27. Bc2 g6 28.
Be3 Ne6 29. Kh2 Rd7 30. Qf2 Rad8 31. Rd2 Ng7 32. Bd1 Be6 33. Bc5 Ra8 34. a3
Rdd8 35. h4 Bf7 36. Re1 Re8 37. Re3 Qc8 38. Rh3 Re6 39. Bf3 Qe8 40. b3 Rc8 41.
c4 dxc4 42. bxc4 Rd8 43. Bd6 Rc8 44. Qb6 Qd7 45. Qxa6 bxc4 46. Be2 Ree8 47.
Bxc4 Ne6 48. Bxe6 Bxe6 49. h5 Bd5 50. hxg6 hxg6 51. Kg3 Kg7 52. Rb2 Ra8 53. Rb7
Rxa6 54. Rxd7+ Kg8 55. Rhh7 1-0

[Event "Madrid 2011/2012- Semifinal A "]
[Site "Madrid ESP"]
[Date "2012.04.23"]
[Round "7.16"]
[White "Quintero Torres, Pedro"]
[Black "Camarero Izquierdo, Juan Carlos"]
[Result "1-0"]
[WhiteElo "2022"]
[BlackElo "1881"]
[PlyCount "75"]
[EventDate "2012.04.10"]
[EventType "swiss"]
[EventRounds "9"]
[EventCountry "ESP"]
[Source "lmi"]
[SourceDate "2012.04.10"]

1. e4 c5 2. Nf3 d6 3. Bb5+ Nc6 4. Bxc6+ bxc6 5. e5 d5 6. h3 Ba6 7. d3 c4 8. O-O
cxd3 9. cxd3 e6 10. Re1 Ne7 11. Nc3 Nf5 12. Qa4 Qc8 13. g4 Ne7 14. d4 h5 15.
Bg5 Ng6 16. Rac1 Bb7 17. Nb5 a6 18. Nd6+ Bxd6 19. exd6 hxg4 20. hxg4 O-O 21.
Ne5 Nxe5 22. dxe5 f6 23. exf6 gxf6 24. Bh6 Rf7 25. Qc2 f5 26. g5 Qd7 27. Qe2
Re8 28. Qe5 Rh7 29. Rc3 Qf7 30. g6 Qxg6+ 31. Rg3 Rxh6 32. d7 Rf8 33. Qxe6+ Kh7
34. Qxg6+ Rxg6 35. Rxg6 Rd8 36. Rd6 Rg8+ 37. Kh2 Rg4 38. d8=Q 1-0

[Event "Madrid 2011/2012- Semifinal A "]
[Site "Madrid ESP"]
[Date "2012.04.23"]
[Round "7.17"]
[White "Lopez Heras, Arturo"]
[Black "Rojas Pozo, Jose Luis"]
[Result "0-1"]
[WhiteElo "1882"]
[BlackElo "1976"]
[PlyCount "64"]
[EventDate "2012.04.10"]
[EventType "swiss"]
[EventRounds "9"]
[EventCountry "ESP"]
[Source "lmi"]
[SourceDate "2012.04.10"]

1. e4 c6 2. d4 d5 3. e5 Bf5 4. Nf3 e6 5. Be2 Qb6 6. O-O c5 7. c3 Nc6 8. a3 cxd4
9. cxd4 Bxb1 10. Rxb1 Bxa3 11. Qa4 Bb4 12. Bb5 a5 13. Bd2 Bxd2 14. Nxd2 Nge7
15. Nb3 O-O 16. Rfc1 Rfd8 17. Ra1 g6 18. Ra3 Rdc8 19. g4 Nb4 20. Rxc8+ Rxc8 21.
Nc5 Nec6 22. Bxc6 Nxc6 23. Rb3 Nb4 24. Rf3 Qc6 25. Qxc6 Nxc6 26. Rd3 Nxd4 27.
Nxb7 Ne2+ 28. Kf1 Nf4 29. Rd1 a4 30. Ke1 Rc2 31. Rd4 Rxb2 32. Rxa4 Nd3+ 0-1

[Event "Madrid 2011/2012- Semifinal A "]
[Site "Madrid ESP"]
[Date "2012.04.23"]
[Round "7.18"]
[White "Cano Mercado, Francisco Manuel"]
[Black "Lopez Garralon, Miguel"]
[Result "1-0"]
[WhiteElo "1872"]
[BlackElo "1928"]
[PlyCount "65"]
[EventDate "2012.04.10"]
[EventType "swiss"]
[EventRounds "9"]
[EventCountry "ESP"]
[Source "lmi"]
[SourceDate "2012.04.10"]

1. d4 d6 2. c4 Nf6 3. Nc3 Nbd7 4. g3 e5 5. Bg2 c6 6. e4 Be7 7. Nge2 Qc7 8. O-O
b6 9. f4 Bb7 10. Kh1 h5 11. fxe5 dxe5 12. dxe5 Qxe5 13. Rf5 Qe6 14. Nd4 Qxc4
15. Bf1 Qb4 16. a3 Qd6 17. Bf4 Ne5 18. Bxe5 Qd7 19. Nde2 Qxf5 20. exf5 Ng4 21.
Qb3 Nxe5 22. Bg2 O-O-O 23. Ne4 Rd3 24. Qc2 Rhd8 25. Nf4 R3d4 26. b4 Ng4 27. Qe2
c5 28. Kg1 cxb4 29. axb4 Bxb4 30. Rc1+ Kb8 31. h3 Rd2 32. Nxd2 Rxd2 33. Qe8+
1-0

[Event "Madrid 2011/2012- Semifinal A "]
[Site "Madrid ESP"]
[Date "2012.04.23"]
[Round "7.19"]
[White "Yagüe Sanchez, Sergio Roberto"]
[Black "Fernandez Garcia, Ignacio"]
[Result "1-0"]
[WhiteElo "1844"]
[BlackElo "1909"]
[PlyCount "95"]
[EventDate "2012.04.10"]
[EventType "swiss"]
[EventRounds "9"]
[EventCountry "ESP"]
[Source "lmi"]
[SourceDate "2012.04.10"]

1. d4 d6 2. c4 Nf6 3. Nc3 g6 4. e4 Bg7 5. f4 Nc6 6. Nf3 O-O 7. Be2 Bg4 8. O-O
Nd7 9. Be3 e5 10. fxe5 Bxf3 11. Rxf3 dxe5 12. d5 Nd4 13. Rf2 f5 14. Bd3 Nc5 15.
exf5 Nxd3 16. Qxd3 Nxf5 17. Bc5 Re8 18. Ne4 Nd6 19. Raf1 Nf5 20. g4 Nd6 21.
Bxd6 cxd6 22. Rf7 Qb6+ 23. Kh1 Rf8 24. Qf3 Qd8 25. g5 Rc8 26. b3 Rc7 27. Rxf8+
Bxf8 28. Qh3 Rg7 29. Qe6+ Kh8 30. Rf7 Be7 31. h4 Rxf7 32. Qxf7 Qf8 33. Qxf8+
Bxf8 34. Kg2 Be7 35. Kf3 Kg7 36. b4 b6 37. Nc3 Kf7 38. b5 h6 39. Kg4 h5+ 40.
Kf3 Ke8 41. a4 Kd7 42. Na2 Kc7 43. Nb4 Kb7 44. Ke4 Bd8 45. Nc6 Kc7 46. Nxa7
Bxg5 47. hxg5 h4 48. Nc6 1-0

[Event "Madrid 2011/2012- Semifinal A "]
[Site "Madrid ESP"]
[Date "2012.04.23"]
[Round "7.20"]
[White "Luna Hermoso, Angel"]
[Black "Jimenez Gonzalez, Marcos"]
[Result "1/2-1/2"]
[WhiteElo "2013"]
[BlackElo "1848"]
[PlyCount "35"]
[EventDate "2012.04.10"]
[EventType "swiss"]
[EventRounds "9"]
[EventCountry "ESP"]
[Source "lmi"]
[SourceDate "2012.04.10"]

1. d4 Nf6 2. c4 g6 3. g3 Bg7 4. Bg2 O-O 5. Nc3 d6 6. Nf3 c6 7. O-O Nbd7 8. Qc2
e5 9. d5 c5 10. Ne1 a6 11. Nd3 Nh5 12. b4 b6 13. a4 f5 14. e4 Nhf6 15. f3 h6
16. exf5 gxf5 17. Bh3 e4 18. fxe4 1/2-1/2